Palma de aceite, tras la excelencia. (Registro nro. 26560)
[ vista simple ]
| 000 -ENCABEZADO | |
|---|---|
| Número de control [NR] | 00745nam a22002777i 4500 |
| 001 - NÚMERO DE CONTROL | |
| control field | B-12213 |
| 003 - IDENTIFICADOR DE CONTROL NÚMERO | |
| control field | CO-BoFNCP |
| 007 - CAMPO DESCRIPCIÓN FÍSICA FIJA - INFORMACIÓN GENERAL | |
| fixed length control field | t|| |
| 008 - DE LONGITUD FIJA DE DATOS DE ELEMENTOS - INFORMACIÓN GENERAL | |
| Elementos de longitud fija [NR] | 090821s2009 a f z d |
| 040 ## - FUENTE DE CATALOGACION [NR] | |
| Agencia de catalogación original [NR] | CO-BoFNCP |
| Idioma de catalogación [NR] | Español |
| Quien Cataloga | CO-BoFNCP |
| Convenciones de la descripción [NR] | rda |
| 041 ## - CODIGO DE IDIOMA [R] | |
| Código de idioma para texto/pista de sonido o título separado [R] | Español |
| 043 ## - CODIGO DE AREA GEOGRAFICA [NR] | |
| Código de área geográfica [R] | ck |
| 084 ## - OTRO NUMERO DE CLASIFICACION [R] | |
| Número clasificador [R] | A- |
| 245 00 - MENCION DE TITULO [NR] | |
| Título [NR] | Palma de aceite, tras la excelencia. |
| 264 #4 - PRODUCCIÓN, PUBLICACIÓN, DISTRIBUCIÓN, FABRICACIÓN Y COPYRIGHT | |
| Fecha de producción, publicación, distribución, fabricación o copyright | ©2009 |
| 300 ## - DESCRIPCION FISICA [R] | |
| Extensión [R] | páginas 9A : |
| Otros detalles físicos [NR] | Fotografías. |
| 336 ## - TIPO DE CONTENIDO | |
| Término de tipo de contenido | texto |
| Código de tipo de contenido | txt |
| Fuente | rdacontent |
| 337 ## - TIPO DE MEDIO | |
| Nombre/término del tipo de medio | sin mediación |
| Código del tipo de medio | n |
| Fuente | rdamedia |
| 338 ## - TIPO DE SOPORTE | |
| Nombre/término del tipo de soporte | volumen |
| Código del tipo de soporte | nc |
| Fuente | rdacarrier |
| 650 #0 - ASIENTO SECUNDARIO DE MATERIA - TERMINO TEMATICO [R] | |
| Término temático o nombre geográfico como elemento de entrada [NR] | Aceite de palma |
| 9 (RLIN) | 29635. |
| 650 #0 - ASIENTO SECUNDARIO DE MATERIA - TERMINO TEMATICO [R] | |
| Término temático o nombre geográfico como elemento de entrada [NR] | Palma de aceite |
| 9 (RLIN) | 37678. |
| 773 0# - ASIENTO DEL ITEM FUENTE [R] | |
| Asiento principal [NR] | Documento Petroenergético |
| Información sobre la relación [R] | May-Jun, (2009) p. 9A |
| Número de control del registro [R] | A- |
| Número Internacional Normalizado para Publicaciones Seriadas - ISSN [NR] | 2011-2181 |
| 942 ## - ELEMENTOS DE ENTRADA AGREGADOS (KOHA) | |
| Sistema de clasificación | Local |
| Tipo de ítem principal el descrito en 300a | Artículo |
| 999 ## - NÚMEROS DE SISTEMAS DE CONTROL (KOHA) | |
| Koha biblionumber | 26560 |
| 999 ## - NÚMEROS DE SISTEMAS DE CONTROL (KOHA) | |
| Registro cosechable | Si |
| Estado de retiro (OPAC) | Perdido | Sistema de clasificación | Dañado | No prestable | Ubicación habitual | Ubicación actual | Fecha de creación | Volúmen / Fascículo | Total préstamos | Signatura topográfica | Código de barras | Última vez visto | Ejemplar | Price effective from | Tipo de ítem |
|---|---|---|---|---|---|---|---|---|---|---|---|---|---|---|---|
| Local | 1 - CID Palmero Bogotá | 1 - CID Palmero Bogotá | 10/21/2013 | Documento Petroenergético. May-Jun, (2009) p. 9A. ST-A-, ISSN: 2011-2181 | A- | R-12213 | 10/21/2013 | Ej. 1 | 10/21/2013 | Artículo |